| 000 | 00554nam a2200121Ia 4500 | ||
|---|---|---|---|
| 008 | 220616s9999||||xx |||||||||||||| ||und|| | ||
| 100 | _aGerina-Ancane, Anita||Melnikovs, Anatoly||Auzins, Janis||Janushevskis, Alexander | ||
| 245 | 0 | _aChapter Shape Optimization of Mechanical Components for Measurement Systems | |
| 546 | _aEnglish[eng] | ||
| 650 | _aEconomics, finance, business & management | ||
| 856 | _uhttps://library.oapen.org/bitstream/20.500.12657/49031/1/31083.pdf||https://library.oapen.org/bitstream/20.500.12657/49031/1/31083.pdf | ||
| 942 | _cEB | ||
| 999 |
_c20145 _d20145 |
||